[Event "BCF-ch U12 rapid"]
[Site "Hull"]
[Date "2024.07.26"]
[Round "1"]
[White "Munoz, Fernando"]
[Black "Fang, Brandon Jun Qiao"]
[Result "0-1"]
[WhiteElo "1031"]
[BlackElo "1680"]
[PlyCount "74"]
[EventDate "2024.07.26"]
[EventType "swiss (rapid)"]
[EventRounds "9"]
[EventCountry "ENG"]
[SourceTitle "CB31_2024"]
[SourceDate "2024.07.31"]
[SourceVersion "1"]
[SourceVersionDate "2024.07.31"]
[SourceQuality "1"]

1. d4 Nf6 2. c4 e6 3. Nc3 d5 4. Bf4 Bb4 5. e3 0-0 6. Nf3 dxc4 7. Bxc4 b6 8. a3 Bxc3+ 9. bxc3 Bb7 10. 0-0 Nbd7 11. Re1 Rc8 12. Bd3 Qe7 13. e4 c5 14. e5 Nd5 15. Bxh7+ Kh8 16. Bb1 Nxf4 17. g3 Nh3+ 18. Kf1 g6 19. Be4 Bxe4 20. Rxe4 Ng5 21. Rh4+ Kg8 22. Nxg5 Qxg5 23. Qf3 cxd4 24. Qg2 Kg7 25. Qh3 Rh8 26. cxd4 Rxh4 27. gxh4 Rc1+ 28. Rxc1 Qxc1+ 29. Kg2 Qf4 30. d5 Qe4+ 31. Kg1 Qxd5 32. h5 Qd1+ 33. Kg2 Qxh5 34. Qd3 Nxe5 35. Qc3 Qg4+ 36. Kf1 Qf4 37. Kg1 b5 0-1